| 000 | 00417nam a22001577a 4500 | ||
|---|---|---|---|
| 003 | MPLRDC | ||
| 005 | 20220104142756.0 | ||
| 008 | 210129b ||||| |||| 00| 0 eng d | ||
| 082 | _a051.1 K1KC 1992* | ||
| 100 | _a坤成幼稚园筹委会 | ||
| 245 |
_a一九九二年坤成幼稚园第七十八届纪念刊 _c |
||
| 260 |
_a _b坤成幼稚园 _c1992 |
||
| 300 | _b平 | ||
| 650 | _a | ||
| 942 |
_cBK _o051.1 K1KC 1992* |
||
| 999 |
_c33617 _d33607 |
||